[Event "20th Belgrade Trophy"]
[Site "Belgrade SRB"]
[Date "2007.11.25"]
[Round "4"]
[White "Milojevic,M"]
[Black "Mitric,N"]
[Result "1/2-1/2"]
[WhiteElo "2097"]
[BlackElo "1930"]

1.Nf3 d5 2.d4 e6 3.c4 c6 4.Nc3 Nf6 5.e3 Bb4 6.Qc2 Ne4 7.Bd3 f5 8.Bd2 Nxd2
9.Nxd2 Qg5 10.O-O O-O 11.a3 Bxc3 12.Qxc3 Nd7 13.c5 Nf6 14.f4 Qh4 15.Rf3 Ng4
16.Nf1 Bd7 17.Qd2 Rae8 18.Rh3 Qe7 19.Rg3 h5 20.Rh3 g6 21.Qe1 Rf7 22.Nd2 Ref8
23.Nf3 Rg7 24.Ng5 Nf6 25.Rg3 Nh7  1/2-1/2

[Event "TCh-HUN 2007-8"]
[Site "Budapest HUN"]
[Date "2007.11.25"]
[Round "3"]
[White "Gonda,L"]
[Black "Szabo,Krisz1"]
[Result "1/2-1/2"]
[WhiteElo "2502"]
[BlackElo "2492"]

1.d4 d5 2.c4 e6 3.Nc3 c6 4.e3 Nf6 5.Nf3 Nbd7 6.Qc2 Bd6 7.Bd2 O-O 8.Bd3 dxc4
9.Bxc4 a6 10.Ne4 Nxe4 11.Qxe4 c5 12.Rd1 Qe7 13.Bc3 Nf6 14.Qh4 cxd4 15.Qxd4 Bb4  1/2-1/2

[Event "Bundesliga 2007-8"]
[Site "Erfurt GER"]
[Date "2007.11.25"]
[Round "4"]
[White "Nyback,T"]
[Black "Mueller,Matt1"]
[Result "1-0"]
[WhiteElo "2565"]
[BlackElo "2405"]

1.d4 d5 2.c4 e6 3.Nc3 c6 4.e3 Nf6 5.Nf3 Nbd7 6.Qc2 Be7 7.b3 b6 8.Bd3 Bb7
9.Bb2 Qc7 10.O-O Rd8 11.Rac1 h6 12.cxd5 exd5 13.Ne2 O-O 14.Ng3 Rfe8 15.Ne5 c5
16.Nf5 Bf8 17.Nxd7 Rxd7 18.dxc5 Ng4 19.Ng3 Bxc5 20.Bd4 Rde7 21.b4 Bd6 22.Qe2  1-0

[Event "Bundesliga 2007-8"]
[Site "Katernberg GER"]
[Date "2007.11.25"]
[Round "4"]
[White "L'Ami,E"]
[Black "Predojevic,B"]
[Result "1/2-1/2"]
[WhiteElo "2577"]
[BlackElo "2645"]

1.d4 d5 2.c4 c6 3.Nc3 Nf6 4.e3 e6 5.Nf3 Nbd7 6.Qc2 Bd6 7.b3 O-O 8.Bb2 Qe7
9.Be2 b6 10.O-O Bb7 11.Rad1 Rad8 12.Rfe1 Rfe8 13.Bf1 c5 14.cxd5 Nxd5 15.Nxd5 exd5
16.dxc5 bxc5 17.g3 Nf6 18.Bg2  1/2-1/2

[Event "WYg18"]
[Site "Kemer TUR"]
[Date "2007.11.25"]
[Round "8"]
[White "Kruljac,P"]
[Black "Jule,A"]
[Result "1/2-1/2"]
[WhiteElo "2057"]
[BlackElo "1896"]

1.d4 d5 2.c4 c6 3.e3 Nf6 4.Nc3 e6 5.Nf3 Nbd7 6.Qc2 a6 7.Be2 dxc4 8.Bxc4 b5
9.Be2 Bb7 10.O-O c5 11.a3 Rc8 12.Qd2 Be7 13.dxc5 Nxc5 14.Qxd8+ Rxd8 15.b4  1/2-1/2

[Event "WYb16"]
[Site "Kemer TUR"]
[Date "2007.11.25"]
[Round "8"]
[White "Ashwath,R"]
[Black "Mammadov,A"]
[Result "1/2-1/2"]
[WhiteElo "2374"]
[BlackElo "2247"]

1.d4 d5 2.c4 e6 3.Nc3 Nf6 4.Nf3 c6 5.e3 Nbd7 6.Qc2 Bd6 7.b3 O-O 8.Be2 Qe7
9.O-O dxc4 10.bxc4 e5 11.Rb1 e4 12.Nd2 Re8 13.c5 Bc7 14.Ba3 Qe6 15.Nc4 b5
16.Nd6 Bxd6 17.cxd6 Nb6 18.Bc5 Nfd5 19.Nxd5 Qxd5 20.Rfc1 Bd7 21.f3 f5 22.Bxb6 axb6
23.a4 Rxa4 24.Qxa4 bxa4 25.Bc4 Qxc4 26.Rxc4 b5 27.Rc3 Kf7 28.Kf2 Ke6 29.Ke2 Kxd6
30.Kd2 Be6 31.f4 Bb3 32.Rc5 Bd5 33.Rc3 Ra8 34.Ra3 Rf8 35.h4 Re8 36.Kc3 Rc8
37.Kd2 Bc4 38.Rd1 Bd5 39.Rc1 Rf8 40.Rg1 Be6 41.Rc1 Rf6 42.Rg1 Rg6 43.g3 Bb3
44.Raa1 Rg4 45.Rac1 Bc4 46.Rc2  1/2-1/2

[Event "WYb16"]
[Site "Kemer TUR"]
[Date "2007.11.26"]
[Round "9"]
[White "Ashwath,R"]
[Black "Hovhannisyan,R"]
[Result "1/2-1/2"]
[WhiteElo "2374"]
[BlackElo "2273"]

1.d4 d5 2.c4 e6 3.Nf3 Nf6 4.Nc3 c6 5.e3 Nbd7 6.Qc2 Bd6 7.b3 O-O 8.Be2 b6
9.O-O Bb7 10.Bb2 Qe7 11.Rad1 Rac8 12.Rfe1 Rfd8 13.e4 dxe4 14.Nxe4 Nxe4 15.Qxe4 Bb4
16.Rf1 Ba3 17.Ba1 Nf6 18.Qh4 c5 19.Bd3 cxd4 20.Nxd4 Ne4 21.Qg4 f5 22.Qe2 Bc5
23.Nf3 Rd6 24.Bxe4 Bxe4 25.Rxd6 Bxd6 26.Nd2 Bb7 27.Nf3 Be4 28.Nd2 Bb7 29.Nf3 Rd8
30.Re1 Be4 31.Bc3 Re8 32.Nd2 Ba8 33.Nf3 Be4 34.Nd2 Ba8 35.Nf3 Qc7 36.Be5 Bxf3
37.Bxd6 Qxd6 38.Qxf3 Qd2 39.Qe2 Qxe2 40.Rxe2 Rd8 41.Kf1 Kf7 42.Ke1 Ke7 43.Rd2 Rxd2
44.Kxd2 Kd6 45.b4 e5 46.f3 h5 47.g3 g6 48.Kd3 Kc6 49.Ke3 Kd6 50.Kd3  1/2-1/2

[Event "Open"]
[Site "Rijeka CRO"]
[Date "2007.11.26"]
[Round "3"]
[White "Jovanic,O"]
[Black "Bellia,F"]
[Result "1-0"]
[WhiteElo "2492"]
[BlackElo "2392"]

1.d4 d5 2.c4 c6 3.Nc3 Nf6 4.e3 e6 5.Nf3 Nbd7 6.Qc2 Bd6 7.Bd3 O-O 8.O-O dxc4
9.Bxc4 b5 10.Be2 Bb7 11.Rd1 Qc7 12.e4 e5 13.Bg5 b4 14.Na4 exd4 15.Bxf6 Nxf6
16.Rxd4 c5 17.Rxd6 Qxd6 18.e5 Qe7 19.exf6 Qxf6 20.Nd2 Rad8 21.Nc4 Bc6 22.Bf1 Qd4
23.Rc1 Rfe8 24.b3 Bxa4 25.bxa4 g6 26.g3 Re6 27.Bg2 Qd3 28.Qb3 Qe2 29.Bf1 Qe4
30.Ne3 Rd2 31.Rc4 Qe5 32.Rf4 Qa1 33.Qc4 Qxa2 34.Qxc5 Qxa4 35.Ng4  1-0

[Event "Open"]
[Site "Rijeka CRO"]
[Date "2007.11.26"]
[Round "3"]
[White "Grooten,H"]
[Black "Palac,M"]
[Result "0-1"]
[WhiteElo "2350"]
[BlackElo "2567"]

1.d4 Nf6 2.c4 e6 3.Nf3 d5 4.Nc3 c6 5.e3 Nbd7 6.Qc2 Bd6 7.a3 O-O 8.Be2 e5
9.cxd5 cxd5 10.Nb5 Bb8 11.dxe5 Nxe5 12.Bd2 Ne4 13.O-O Bf5 14.Nfd4 Bg6 15.f4 Nc4
16.Bxc4 Nxd2 17.Qxd2 dxc4 18.f5 Bh5 19.Nc3 Re8 20.Rae1 f6 21.Qf2 Be5 22.Ne6 Qa5
23.Qh4 Bf7 24.Nd4 Rad8 25.Rd1 Bc7 26.Rf3 Rd7 27.Rh3 h6 28.Qg4 Qb6 29.Rd2 Kh8
30.Qf3 Be5 31.Rh4 Rde7 32.Nd5 Qa5 33.Nc3 Bd6 34.Ne6 Bxe6 35.Rxd6 Qxf5 36.Qxf5 Bxf5
37.Nd5 Re4 38.Rxe4 Bxe4 39.Nc7 Re5 40.Rd4 Bc6 41.Kf2 Rf5+ 42.Rf4 Rc5 43.Rd4 c3
44.bxc3 Rxc3 45.g4 Rxa3 46.h4 Kg8 47.Ne6 Ra2+ 48.Ke1 a5 49.h5 a4 50.Nf4 a3
51.Rd8+ Kf7 52.Ra8 Ra1+ 53.Kd2 Bf3 54.Ra7 a2 55.Kc2 Re1 56.Rxa2 Rxe3 57.Ra7 Re7
58.Kb2 Bxg4 59.Nd5 Re2+ 60.Kc3 Bxh5 61.Rxb7+ Kg8 62.Nf4 Re5 63.Kd4 Bf3  0-1

[Event "Open"]
[Site "Rijeka CRO"]
[Date "2007.11.27"]
[Round "4"]
[White "Plenca,J"]
[Black "Hirneise,T"]
[Result "1/2-1/2"]
[WhiteElo "2221"]
[BlackElo "2287"]

1.d4 d5 2.c4 e6 3.Nc3 Nf6 4.e3 c6 5.Nf3 Nbd7 6.Bd3 dxc4 7.Bxc4 b5 8.Bd3 Bb7
9.O-O a6 10.Re1 c5 11.a3 cxd4 12.exd4 Be7 13.Bg5  1/2-1/2

[Event "USCL Final T/B 2007"]
[Site "ICC INT"]
[Date "2007.11.28"]
[Round "4"]
[White "Stopa,Ja"]
[Black "Sammour Hasbun,J"]
[Result "1/2-1/2"]
[WhiteElo "2410"]
[BlackElo "2460"]

1.c4 e6 2.Nf3 Nf6 3.d4 d5 4.e3 c6 5.Nc3 Nbd7 6.Qc2 Be7 7.Bd3 O-O 8.O-O b6
9.e4 dxe4 10.Nxe4 Bb7 11.Nxf6+ Nxf6 12.c5 Qc7 13.Bg5 h6 14.Bh4 Rad8 15.Bg3 Qc8
16.Rac1 Nd5 17.a3 bxc5 18.dxc5 Ba6 19.Bh7+ Kh8 20.Rfe1 Nf6 21.Be4 Nxe4 22.Qxe4 Rd5
23.b4 Bd3 24.Qe3 Bf5 25.Be5 f6 26.Bb2 e5 27.Nd2 Rfd8 28.Nc4 Rd3 29.Qe2 Bg4
30.f3 Bf5 31.Red1 Qa6 32.Re1 Bf8 33.Qf2 Be6 34.Qc2 R8d5 35.f4 e4 36.Rxe4 Bf7
37.Qe2 Qc8 38.Re1 Qf5 39.g4 Qd7 40.Qg2 Kg8 41.h4 Rd1 42.f5 Rxe1+ 43.Rxe1 h5
44.Ne3 Rd2 45.Re2 Rd3 46.g5 fxg5 47.Qxg5 Rb3 48.Bxg7 Bxg7 49.f6 Rb1+ 50.Kf2 Be6
51.Qxg7+ Qxg7 52.fxg7 Kxg7 53.Nc2 Bg4 54.Rd2 Rh1 55.Kg3 Rh3+ 56.Kf4 Rxh4
57.Nd4 Kg6 58.Ke5 Rh3 59.Nxc6 Rxa3 60.Nd4 h4 61.c6 h3 62.Nb5 Ra4 63.Rb2 a5
64.bxa5 Rxa5 65.Kf4 Kh5 66.c7 Kh4 67.Nd6 Ra4+ 68.Ke5 Ra8 69.Rb8 Ra5+ 70.Kf4 Ra4+
71.Ke5 h2 72.Nf5+ Bxf5 73.Kxf5 Ra5+ 74.Kg6 Rc5 75.c8=Q Rxc8 76.Rxc8 Kg3 77.Rc3+ Kg2
78.Rc2+ Kg1 79.Rxh2 Kxh2  1/2-1/2

[Event "WYg18"]
[Site "Kemer TUR"]
[Date "2007.11.28"]
[Round "11"]
[White "Hamrakulova,Y"]
[Black "Nemcova,Kat"]
[Result "1/2-1/2"]
[WhiteElo "2185"]
[BlackElo "2255"]

1.d4 d5 2.Nf3 Nf6 3.c4 c6 4.Nc3 e6 5.e3 Nbd7 6.Bd3 dxc4 7.Bxc4 b5 8.Bd3 b4
9.Ne4 Nxe4 10.Bxe4 Bb7 11.O-O Be7 12.b3 O-O 13.a3 Nf6 14.Bd3 c5 15.dxc5 Bxc5
16.axb4 Bxb4 17.Ba3 Bxa3 18.Rxa3 Qe7 19.Ra4 Rfd8 20.Qe2 Bc6 21.Ra6 Qb7 22.Bc4 Bd5
23.Rfa1 Rd7 24.Ne5 Rc7 25.f3 h6 26.Qd3 Bxc4 27.bxc4 Nd7 28.Nxd7 Rxd7 29.Qc2  1/2-1/2

[Event "Open"]
[Site "Rijeka CRO"]
[Date "2007.11.28"]
[Round "5"]
[White "Ribicic,M"]
[Black "Ramesa,D"]
[Result "1/2-1/2"]
[WhiteElo "2225"]
[BlackElo "2308"]

1.d4 d5 2.c4 c6 3.Nf3 Nf6 4.e3 e6 5.Nc3 a6 6.cxd5 exd5 7.Qc2 Bd6 8.Bd3 O-O
9.Ne5 c5 10.O-O Nc6 11.Nxc6 bxc6 12.dxc5 Bxh2+ 13.Kxh2 Ng4+ 14.Kg3 f5 15.f3 Qc7+
16.f4 g5 17.Be2 Qe7 18.Bxg4 fxg4 19.Bd2 Bf5 20.e4 dxe4 21.Rae1 Rae8 22.fxg5 Qxc5
23.Be3 Qd6+ 24.Bf4 Qg6 25.Qa4 e3 26.Rxe3 Rxe3+ 27.Bxe3 Qd6+ 28.Qf4 Qd3 29.Qd4 Qxf1
30.Qe5 Qd3 31.Kh4 Bd7 32.Ne4 Qd5 33.Nf6+ Rxf6 34.Qxf6 Qe6 35.Qf4 Qf5 36.Qb8+ Kf7
37.Qd6 Qe6 38.Qc5 Qf5 39.Qd6  1/2-1/2

[Event "20th Belgrade Trophy"]
[Site "Belgrade SRB"]
[Date "2007.11.29"]
[Round "8"]
[White "Sente,D"]
[Black "Misic,D"]
[Result "1/2-1/2"]
[WhiteElo "2035"]
[BlackElo "2222"]

1.d4 d5 2.c4 c6 3.e3 Nf6 4.Nc3 e6 5.Nf3 Nbd7 6.Qc2 Bd6 7.Bd3 O-O 8.O-O Re8
9.e4 dxc4 10.Bxc4 e5 11.Ng5 Rf8 12.d5 Nb6 13.Bb3 h6 14.Nf3 Bg4 15.dxc6 bxc6
16.Qe2 Qc7 17.h3 Bh5 18.g4 Bg6 19.Nh4 Kh7 20.Qf3 Ng8 21.Ne2 a5 22.Ng3 a4
23.Bc2 Nd7 24.Be3 Nc5 25.Nhf5 Ne6 26.Nxd6 Qxd6 27.Rfd1 Qb4 28.Rab1 Qc4 29.Rdc1 Nd4
30.Bxd4 Qxd4 31.Ne2 Qd2 32.Kf1 Rfd8 33.Qc3 Qd6 34.Rd1 Qe6 35.a3 Rdb8 36.Kg2 Ne7
37.Qc5 Rb5 38.Qd6 Qxd6 39.Rxd6 Rab8 40.Ng3 Rxb2 41.Rxb2 Rxb2 42.Bxa4 Ra2
43.Bxc6  1/2-1/2

[Event "20th Belgrade Trophy"]
[Site "Belgrade SRB"]
[Date "2007.11.30"]
[Round "9"]
[White "Boskovic,Z"]
[Black "Grujicic,Z"]
[Result "1-0"]
[WhiteElo "2207"]
[BlackElo "2044"]

1.d4 Nf6 2.c4 e6 3.Nc3 d5 4.Nf3 c6 5.e3 Be7 6.Bd3 Nbd7 7.O-O O-O 8.Qe2 Re8
9.e4 dxe4 10.Nxe4 Nxe4 11.Qxe4 Nf8 12.b3 Bf6 13.Ne5 g6 14.Bh6 Bg7 15.Bxg7 Kxg7
16.Rad1 Qe7 17.c5 Nd7 18.Nc4 Nf6 19.Qe5 Kg8 20.Nd6 Rf8 21.f4 Nd5 22.Rde1 Qf6
23.Qe4 Rb8 24.g4 Bd7 25.g5 Qg7 26.Bc4 f5 27.gxf6 Qxf6 28.Bxd5 cxd5 29.Qe5 a6
30.b4 Kg7 31.Kg2 Kg8 32.Kg3 Qg7 33.h4 h6 34.Kh3 Kh7 35.Rg1 Qf6 36.Rgf1 Qg7
37.Qxg7+ Kxg7 38.Kg3 Kf6 39.Rf3 Rg8 40.Kh2 Bb5 41.Rfe3 Bd7 42.a4 Rg7 43.b5 Re7
44.Rc3 axb5 45.axb5 Be8 46.Ra1 g5 47.fxg5+ hxg5 48.Rf3+ Kg6 49.Rg1 Kh7 50.Rxg5 Bg6
51.Rfg3 Rg8 52.h5 Bf7 53.Nxf7 Rxg5 54.Nxg5+ Kh6 55.Nxe6 Kxh5 56.Nf4+ Kh6
57.Rg6+ Kh7 58.Re6  1-0

[Event "Open"]
[Site "Rijeka CRO"]
[Date "2007.11.30"]
[Round "7"]
[White "Spika,I"]
[Black "Radmanovic,L"]
[Result "0-1"]
[WhiteElo "2080"]
[BlackElo "1929"]

1.d4 d5 2.Nf3 Nf6 3.c4 c6 4.Nc3 e6 5.e3 Be7 6.Bd3 dxc4 7.Bxc4 Nbd7 8.O-O O-O
9.e4 b5 10.Bd3 b4 11.Ne2 c5 12.b3 Bb7 13.Ng3 a5 14.Bb2 Qb6 15.e5 Nd5 16.Ne4 cxd4
17.Bxd4 Qd8 18.Rc1 Nf4 19.Bb1 Bd5 20.Qd2 Ng6 21.Qe3 f5 22.exf6 Nxf6 23.Nxf6+ gxf6
24.Be4 Bd6 25.Bxd5 exd5 26.Qe6+ Kg7 27.Rc6 Bb8 28.Nh4 Nxh4 29.f4 Ng6 30.Qg4 Kh8
31.g3 Ba7 32.Qd1 Ne7 33.Re6 Nf5 34.Bxa7 Rxa7 35.Qd3 Ng7 36.Rc6 Re8 37.Rfc1 Rae7
38.R1c2 d4 39.Kg2 Qd5+ 40.Kh3 Re3 41.Qa6 Qh5+ 42.Kg2 Qf3+ 43.Kh3 Ne6 44.Rc8 Nxf4+
45.Kh4  0-1

[Event "TCh-AUT 1st Bundesliga 2007-8"]
[Site "Baden AUT"]
[Date "2007.12.01"]
[Round "2"]
[White "Froschauer,H"]
[Black "Schachinger,M"]
[Result "0-1"]
[WhiteElo "2170"]
[BlackElo "2278"]

1.d4 d5 2.c4 e6 3.Nc3 c6 4.e3 Nf6 5.Nf3 Nbd7 6.Bd3 dxc4 7.Bxc4 b5 8.Bd3 Bb7
9.O-O a6 10.e4 c5 11.Bg5 Qb6 12.Bc2 cxd4 13.Nxd4 Rd8 14.Nf3 h6 15.Bxf6 Nxf6
16.Qe2 Bb4 17.a4 Bc6 18.axb5 axb5 19.Bd3 O-O 20.Ne5 Bxc3 21.bxc3 Qc5 22.Nxc6 Qxc6
23.Bxb5 Qxc3 24.Rfd1 Rd4 25.Rxd4 Qxa1+ 26.Rd1 Qe5 27.f3 Rb8 28.Bd3 Rb2 29.Rd2 Rxd2
30.Qxd2 Qd4+ 31.Kf1 Nd7 32.Qe2 Nc5 33.Bc2 Qc3 34.g3 e5 35.Kg2 Ne6 36.Qd3 Qb2
37.Kh3 Nd4 38.Bd1 Qf2 39.f4 exf4 40.gxf4 Ne6 41.Qf3 Nxf4+ 42.Kg4 Qg1+ 43.Qg3 Qxd1+
44.Kxf4 Qd6+ 45.e5 Qd4+  0-1

[Event "TCh-AUT 1st Bundesliga 2007-8"]
[Site "Baden AUT"]
[Date "2007.12.01"]
[Round "2"]
[White "Horvath,Cs1"]
[Black "Beliavsky,A"]
[Result "1/2-1/2"]
[WhiteElo "2536"]
[BlackElo "2646"]

1.d4 d5 2.c4 c6 3.Nf3 Nf6 4.Nc3 e6 5.e3 Nbd7 6.Bd3 dxc4 7.Bxc4 b5 8.Be2 Be7
9.O-O O-O 10.a3 a5 11.e4 Ba6 12.Qc2 h6 13.Be3 Qb8 14.h3 Rc8 15.Rfd1 Qb7 16.Nd2 b4
17.Bxa6 Qxa6 18.axb4 Bxb4 19.Na4 Qb5 20.Nc3 Qh5 21.Na2 Bf8 22.Nc3 c5 23.dxc5 Nxc5
24.Nc4 Ncd7 25.b3 Bb4 26.Bd4 Qg6 27.f3 Nd5 28.Qd2 N5b6 29.Nxb6 Nxb6 30.Qd3 Rd8
31.Qe3 Nd7 32.Na4 Rac8 33.Rac1 Rxc1 34.Qxc1 Nf6 35.Be3 Rxd1+ 36.Qxd1 Qg3
37.Bf2 Qc7 38.Bb6 Qe5 39.Qd4 Qg5 40.Qe3 Qb5 41.Bc5 Nd7 42.Bxb4 Qxb4 43.Kf2 Kf8
44.Qe1 Qb5 45.Qc3 Ke7 46.h4 g6 47.Qd4 Qh5 48.Ke2 Qb5+ 49.Kf2 g5 50.hxg5 Qxg5
51.Qe3 Qh4+ 52.Kg1 Qf6 53.Kf2 h5 54.Nc3 h4 55.f4 Qg6 56.Qh3 Qh7 57.Qe3 Qh8
58.e5 Qc8 59.Ne4 Qc2+  1/2-1/2

[Event "Open"]
[Site "Rijeka CRO"]
[Date "2007.12.01"]
[Round "8"]
[White "Ramesa,D"]
[Black "Tomic,Bor"]
[Result "1-0"]
[WhiteElo "2308"]
[BlackElo "2108"]

1.Nf3 Nf6 2.c4 e6 3.Nc3 d5 4.e3 c6 5.d4 Nbd7 6.Bd3 Bd6 7.O-O O-O 8.e4 dxe4
9.Nxe4 Nxe4 10.Bxe4 e5 11.Bc2 Re8 12.Re1 Qc7 13.Qd3 g6 14.Bf4 f6 15.c5 Bf8
16.Nh4 Bg7 17.Bb3+ Kh8 18.Nxg6+ hxg6 19.Qh3+  1-0

[Event "TCh-BEL 2007-8"]
[Site "Belgium BEL"]
[Date "2007.12.02"]
[Round "5"]
[White "Tjiam,D"]
[Black "Siebrecht,S"]
[Result "1/2-1/2"]
[WhiteElo "2382"]
[BlackElo "2487"]

1.d4 d5 2.c4 c6 3.Nf3 Nf6 4.Nc3 e6 5.e3 Nbd7 6.Qc2 Bd6 7.Bd3 O-O 8.O-O dxc4
9.Bxc4 b5 10.Be2 Bb7 11.Rd1 Qb8 12.e4 e5 13.dxe5 Nxe5 14.Nd4 Neg4 15.g3 b4
16.Bxg4 Nxg4 17.Na4 Re8 18.Nf5 Bf8 19.Bf4 Ne5 20.Nc5 Bc8 21.Rac1 Qb6 22.Kg2 Qa5
23.b3 Bxc5 24.Qxc5 Qxc5 25.Rxc5 Ng6 26.Nd6 Rd8 27.Rxc6 a5 28.Rdc1 Be6 29.Nb7 Rd3
30.Bd6 Bg4 31.Kf1 h5 32.Bf4 Nxf4 33.gxf4 a4 34.Nc5 Rd2 35.Nxa4 Rxa2 36.Kg2 Bd7
37.R1c2 Rxc2 38.Rxc2 Bxa4 39.bxa4 Rxa4 40.Rc8+ Kh7 41.Rb8 Kg6 42.Rb6+ f6
43.Rb7 Kh6 44.Rb6 Kg6 45.Rb7 b3 46.Rxb3 Rxe4 47.Kf3 Re1 48.Rb5 Rg1 49.Ra5 Rh1
50.Kg2 Rb1 51.Rc5 Rb4 52.Kf3 Rb3+ 53.Kg2 Kh6 54.h3 Rb6 55.Ra5 g6 56.Ra7 h4
57.Rc7 f5 58.Ra7 Rb8 59.Rc7 Rg8 60.Kf3 Ra8 61.Rb7 Ra1 62.Kg2 Ra3 63.Rc7 Ra5
64.Rb7 g5 65.fxg5+ Kxg5 66.Rg7+ Kf6 67.Rg8 Ra1 68.Re8 Rb1 69.Kf3 Rb3+ 70.Re3 Rb4
71.Re8 Rb3+  1/2-1/2

[Event "Parsvnath ch-Commonwealth"]
[Site "New Delhi IND"]
[Date "2007.12.03"]
[Round "1"]
[White "Saravanan,V1"]
[Black "Das,Sa"]
[Result "1-0"]
[WhiteElo "2374"]
[BlackElo "1982"]

1.Nf3 Nf6 2.c4 e6 3.Nc3 d5 4.d4 c6 5.e3 Bd6 6.Qc2 Nbd7 7.b3 O-O 8.Be2 Qe7
9.O-O dxc4 10.bxc4 e5 11.Rb1 Re8 12.c5 Bc7 13.Bc4 h6 14.h3 e4 15.Nh2 Nf8
16.f3 Bxh2+ 17.Kxh2 Qc7+ 18.Kg1 exf3 19.Rxf3 Be6 20.Bd3 Rad8 21.Qf2 Bd5 22.Rxf6 gxf6
23.e4 Be6 24.Bxh6 Qe7 25.Rxb7 Rd7 26.Rb4 a5 27.Ra4 Ra7 28.Ne2 Ng6 29.Ng3 Kh7
30.Bd2 Raa8 31.Nh5 Rh8 32.Nxf6+ Kg7 33.Bg5 Qb7 34.h4 Kf8 35.h5 Ne7 36.Bf4 Rd8
37.Be5 Ng8 38.Nxg8 Rxg8 39.h6 Rg6 40.Qh4 Ke8 41.h7 Kd7 42.Qxd8+ Kxd8 43.h8=Q+ Kd7
44.Qb8  1-0

[Event "Parsvnath ch-Commonwealth"]
[Site "New Delhi IND"]
[Date "2007.12.04"]
[Round "3"]
[White "Swapnil,SD"]
[Black "Neelotpal,D"]
[Result "1/2-1/2"]
[WhiteElo "2261"]
[BlackElo "2489"]

1.d4 d5 2.c4 c6 3.Nc3 Nf6 4.e3 e6 5.Nf3 Nbd7 6.Qc2 Bd6 7.Bd2 O-O 8.O-O-O b5
9.e4 b4 10.e5 bxc3 11.Bxc3 Be7 12.exf6 Nxf6 13.c5 Qc7 14.Ne5 a5  1/2-1/2

[Event "FSGM December"]
[Site "Budapest HUN"]
[Date "2007.12.05"]
[Round "5"]
[White "Bui Vinh"]
[Black "Kaufman,R"]
[Result "1-0"]
[WhiteElo "2461"]
[BlackElo "2393"]

1.d4 d5 2.c4 e6 3.Nf3 Nf6 4.Nc3 c6 5.e3 a6 6.Qc2 c5 7.cxd5 exd5 8.Be2 Nc6
9.O-O cxd4 10.Nxd4 Nxd4 11.exd4 Be7 12.Qa4+ Bd7 13.Qb3 Bc6 14.Bf3 Qd7 15.Bg5 Rd8
16.Rfe1 O-O 17.h3 h6 18.Bf4 Rfe8 19.Be5 Qf5 20.Re3 Ne4 21.Rae1 Nd2 22.Qd1 Nc4
23.R3e2 Bb4 24.Qb3 Ba5 25.Bg4 Qd3 26.Rd1 Qg6 27.Bg3 Rxe2 28.Bxe2 b5 29.Bd3 Qf6
30.Bb1 Re8 31.Qc2 g6 32.Qc1 b4 33.Ne4 dxe4 34.Qxc4 Ba4 35.b3 Bb5 36.Qd5 Bb6
37.Bxe4 Rd8 38.Qe5 Qxe5 39.Bxe5 Kf8 40.Bf3 Ke7 41.d5 Bc5 42.Re1 Kd7 43.Bg4+ f5
44.Be2 Re8 45.Bxb5+ axb5 46.Kf1 g5 47.f4 Bd6 48.g3 gxf4 49.gxf4 h5 50.Re3 Re7
51.Ke1 Re8 52.Kd2 Re7 53.Kd3 Re8 54.Kd4 Re7 55.Rg3 Bc7 56.Rg6  1-0

[Event "Parsvnath ch-Commonwealth"]
[Site "New Delhi IND"]
[Date "2007.12.05"]
[Round "4"]
[White "Rawat,R"]
[Black "Sharma,Di"]
[Result "1/2-1/2"]
[WhiteElo "2004"]
[BlackElo "2382"]

1.d4 d5 2.c4 e6 3.Nc3 c6 4.e3 Nf6 5.Nf3 Nbd7 6.Bd3 dxc4 7.Bxc4 b5 8.Bd3 a6
9.O-O c5 10.b3 Bb7 11.Bb2 cxd4 12.exd4 Be7 13.Re1 O-O 14.Rc1 Nb6 15.Ne4 Nxe4
16.Bxe4 Bxe4 17.Rxe4 Nd5 18.Ne5 Bg5 19.Rc5 Qa5 20.a3 Qd2 21.Qxd2 Bxd2 22.Re2 Bf4
23.g3 Bxe5 24.dxe5 Rfc8 25.Rec2 Rxc5 26.Rxc5 Kf8 27.Bc3 Ke7 28.Ba5 Kd7 29.Kf1 g5
30.h3 Rg8 31.Bd2 g4 32.Kg2  1/2-1/2

[Event "Parsvnath ch-Commonwealth"]
[Site "New Delhi IND"]
[Date "2007.12.05"]
[Round "4"]
[White "Mohota,N"]
[Black "Debashis,D"]
[Result "1/2-1/2"]
[WhiteElo "2416"]
[BlackElo "2286"]

1.d4 d5 2.c4 c6 3.Nc3 Nf6 4.e3 e6 5.Nf3 Nbd7 6.Bd3 dxc4 7.Bxc4 b5 8.Be2 Bb7
9.O-O Be7 10.e4 b4 11.e5 bxc3 12.exf6 Nxf6 13.bxc3 O-O 14.Rb1 Qc8 15.Qb3 Ba6
16.Bxa6 Qxa6 17.Bg5 h6 18.Bh4 Rfe8 19.Ne5 c5 20.dxc5 Ne4 21.Bxe7 Rxe7 22.Qc2 Nxc5
23.Rb4 Rc8 24.h3 Nd7 25.Nxd7 Rxd7 26.Rfb1 Rdc7 27.Rb8 g6 28.Qd2 Kh7 29.Rxc8 Qxc8
30.Qf4 Kg7 31.Rb3 f6 32.Qf3 h5 33.h4 Qa6 34.Qa8 Qc6 35.Qxc6 Rxc6 36.Rb7+ Kh6
37.Rxa7 Rxc3 38.g3 g5 39.hxg5+ Kxg5 40.Kg2 h4 41.gxh4+ Kxh4 42.Ra6 Rc2 43.Rxe6 Rxa2
44.Rxf6 Kg4 45.Rg6+ Kf4 46.Rh6 Kg4 47.Rb6 Ra4 48.f3+ Kf4 49.Rf6+ Kg5 50.Rf8 Ra1
51.Kf2 Rb1 52.Ra8 Kf4 53.Ra4+ Kf5 54.Ra5+ Kf4  1/2-1/2

[Event "Parsvnath ch-Commonwealth"]
[Site "New Delhi IND"]
[Date "2007.12.05"]
[Round "5"]
[White "Girish,A"]
[Black "Anjana Krishna,S"]
[Result "1-0"]
[WhiteElo "2086"]
[BlackElo "1802"]

1.d4 d5 2.Nf3 Nf6 3.c4 e6 4.Nc3 c6 5.e3 Bd6 6.Qc2 Nbd7 7.b3 O-O 8.Be2 Re8
9.O-O Qa5 10.Bd2 Qd8 11.Bd3 h6 12.Rad1 Qe7 13.e4 dxe4 14.Nxe4 Nxe4 15.Bxe4 c5
16.Bc3 Nf6 17.Rfe1 Nxe4 18.Qxe4 Qc7 19.dxc5 Bxc5 20.Rd3 Bf8 21.Red1 f6 22.Bxf6 a5
23.Be5 Qc5 24.Qg6 Qe7 25.Bd6 Qf7 26.Qxf7+ Kxf7 27.Ne5+ Kg8 28.Bxf8 Rxf8 29.Rd8 b6
30.Rxf8+ Kxf8 31.Rd8+ Ke7 32.Nc6+ Kf7 33.f3 Kf6 34.Rf8+ Kg5 35.Rf7 Kg6 36.Ne5+ Kh7
37.Re7 a4 38.b4 Kg8 39.Re8+ Kh7 40.a3 b5 41.h4  1-0

[Event "Open"]
[Site "Granada ESP"]
[Date "2007.12.06"]
[Round "3"]
[White "Del Rey,D"]
[Black "Zambrana,O"]
[Result "1-0"]
[WhiteElo "2397"]
[BlackElo "2511"]

1.d4 d5 2.c4 c6 3.Nf3 Nf6 4.e3 e6 5.Nc3 Nbd7 6.Bd3 dxc4 7.Bxc4 b5 8.Bd3 Bd6
9.a3 Bb7 10.O-O O-O 11.b4 a5 12.Rb1 Qe7 13.Qb3 axb4 14.axb4 Nd5 15.Na2 f5
16.Bd2 Kh8 17.Rfe1 Qf7 18.e4 fxe4 19.Rxe4 Nf4 20.Bxf4 Bxf4 21.Nc3 Nb6 22.Qxe6 Qxe6
23.Rxe6 Ra3 24.Ne2 Bxh2+ 25.Kxh2 Rxd3 26.Ra1 Nc8 27.Ne5 Rd2 28.Nd7 Rd8 29.Nc5 Nd6
30.Nxb7 Nxb7 31.Ra7 Rxe2 32.Rxe2 Nd6 33.Rea2 Kg8 34.Ra8 Rxa8 35.Rxa8+ Kf7
36.Ra6 Nf5 37.Rxc6 Nxd4 38.Rc5 Ke6 39.f3 Kd6 40.Kg3 g6 41.Kf2 h6 42.g4  1-0

[Event "ch-GRE"]
[Site "Igoumenitsa GRE"]
[Date "2007.12.06"]
[Round "6"]
[White "Skembris,S"]
[Black "Hadzimanolis,A"]
[Result "0-1"]
[WhiteElo "2463"]
[BlackElo "2329"]

1.d4 d5 2.c4 e6 3.Nf3 Nf6 4.Nc3 c6 5.e3 a6 6.Qc2 c5 7.cxd5 exd5 8.Be2 Nc6
9.O-O cxd4 10.Nxd4 Qc7 11.Nxc6 bxc6 12.e4 Bd6 13.f4 O-O 14.e5 Bc5+ 15.Kh1 Ng4
16.Bd3 Qe7 17.g3 f6 18.h3 Nh6 19.exf6 Rxf6 20.f5 Nxf5 21.Bf4 Ne3 22.Bxh7+ Kh8
23.Bxe3 Qxe3 24.Rae1 Rxf1+ 25.Rxf1 Bxh3 26.Nd1 Qxg3 27.Bg8 Kxg8  0-1

[Event "Bundesliga 2007-8"]
[Site "Eppingen GER"]
[Date "2007.12.07"]
[Round "7"]
[White "Gyimesi,Z"]
[Black "Khenkin,I"]
[Result "1/2-1/2"]
[WhiteElo "2610"]
[BlackElo "2600"]

1.d4 d5 2.c4 c6 3.Nf3 Nf6 4.Nc3 e6 5.e3 Nbd7 6.Qc2 Bd6 7.b3 O-O 8.Be2 b6
9.O-O Bb7 10.Bb2 Qe7 11.Rad1 Rad8 12.e4 Nxe4 13.Nxe4 dxe4 14.Qxe4 f5 15.Qh4 Qxh4
16.Nxh4 Nf6 17.Nf3 c5 18.Ne5 cxd4 19.Bxd4 Nd7 20.Nxd7 Rxd7 21.c5 Bxc5 22.Bxc5 Rxd1
23.Rxd1 bxc5 24.Rd7 Rf7 25.Rd8+ Rf8 26.Rd7 Rf7  1/2-1/2

[Event "Bundesliga 2007-8"]
[Site "Werder Bremen GER"]
[Date "2007.12.07"]
[Round "7"]
[White "Ftacnik,L"]
[Black "Fressinet,L"]
[Result "1/2-1/2"]
[WhiteElo "2553"]
[BlackElo "2654"]

1.Nf3 d5 2.d4 Nf6 3.c4 c6 4.Nc3 e6 5.e3 Nbd7 6.Qc2 Bd6 7.b3 O-O 8.Bd3 e5
9.cxd5 cxd5 10.Nb5 Bb8 11.dxe5 Nxe5 12.Nxe5 Bxe5 13.Bb2 Bxb2 14.Qxb2 Bf5
15.Bxf5 Qa5+ 16.Qd2 Qxb5 17.Bd3 Qb6 18.O-O Ne4 19.Qb2 Rac8 20.Rac1 g6 21.Bxe4 dxe4
22.Qe5 Qb4 23.Rxc8 Rxc8 24.h4 h5 25.Rd1 b6 26.Kh2 Qa5 27.Qxa5 bxa5 28.a4 Rc3
29.Rd7 Rxb3 30.Rxa7 Ra3 31.Rxa5 Kg7 32.Ra7 Kf6 33.Kg3 Ra2 34.a5 Ke6 35.a6 Kf6
36.Ra8 Kf5 37.Ra7 Kf6 38.f3 Ra4 39.Ra8 Kf5 40.a7 exf3 41.gxf3 Ra3 42.e4+ Kf6
43.e5+ Kg7 44.Kf4 Ra4+ 45.Ke3 Ra1 46.f4 Ra2 47.Kd4 Ra1 48.Kc5 Rc1+ 49.Kb6  1/2-1/2

[Event "Bundesliga 2007-8"]
[Site "Bindalch GER"]
[Date "2007.12.08"]
[Round "5"]
[White "Markos,J"]
[Black "Ragger,M"]
[Result "1/2-1/2"]
[WhiteElo "2565"]
[BlackElo "2528"]

1.c4 e6 2.Nc3 d5 3.d4 c6 4.Nf3 Nf6 5.e3 Nbd7 6.Qc2 Bd6 7.Bd3 O-O 8.O-O dxc4
9.Bxc4 a6 10.Rd1 b5 11.Be2 Qc7 12.e4 e5 13.g3 Re8 14.a3 exd4 15.Nxd4 Be5
16.Bf3 c5 17.Nf5 Nb6 18.a4 b4 19.a5 bxc3 20.axb6 Qxb6 21.bxc3 Rb8 22.Be3 Qb3
23.Qxb3 Rxb3 24.Ra5 g6 25.Nd6 Bxd6 26.Rxd6 Bh3 27.Ra1 Ng4  1/2-1/2

[Event "UTD GM Invitational"]
[Site "Richardson USA"]
[Date "2007.12.08"]
[Round "3"]
[White "Zhao Jun"]
[Black "Robson,R"]
[Result "0-1"]
[WhiteElo "2552"]
[BlackElo "2368"]

1.d4 d5 2.c4 e6 3.Nf3 Nf6 4.Nc3 c6 5.e3 Nbd7 6.Qc2 Bd6 7.b3 O-O 8.Be2 e5
9.cxd5 cxd5 10.Nb5 Bb4+ 11.Bd2 Bxd2+ 12.Nxd2 a6 13.dxe5 Nxe5 14.Nd4 Bg4 15.Bxg4 Nfxg4
16.O-O Rc8 17.Qf5 g6 18.Qf4 Qe7 19.h3 Nf6 20.Qg5 Nc6 21.N2f3 Nxd4 22.Nxd4 Qd6
23.Nf5 Qe6 24.Nd4 Qd6 25.f3 Rc3 26.Rac1 Rfc8 27.Rxc3 Rxc3 28.Re1 h5 29.Kf2 Kf8
30.Re2 Kg8 31.Rd2 Rc1 32.Ne2 Qb4 33.e4 Qb6+ 34.Kg3 Rh1 35.e5 h4+ 36.Kxh4 Nh7
37.Qg4 Qf2+ 38.Ng3 Qxd2 39.Nxh1 Qe1+ 40.Qg3 Qxh1 41.e6 Qc1 42.Qb8+ Kg7 43.Qe5+ f6
44.Qxd5 Qf4+ 45.g4 Kh6  0-1